Mastering business English - learner's dictionary English-Slovak & Slovak-English dictionary
Gespeichert in:
| 1. Verfasser: | |
|---|---|
| Weitere Verfasser: | , , , , , , , , , |
| Format: | Buch |
| Sprache: | Englisch Slowakisch |
| Veröffentlicht: |
Bratislava
Vydavateľstvo EKONÓM
1999
|
| Schlagworte: | |
| Tags: |
Keine Tags, Fügen Sie das erste Tag hinzu!
|
MARC
| LEADER | 00000nam a2200000 4500 | ||
|---|---|---|---|
| 001 | c119570 | ||
| 005 | 20221123133120.6 | ||
| 020 | |a 80-225-1152-8 | ||
| 041 | 0 | |a eng | |
| 041 | 0 | |a slo | |
| 044 | |a SK | ||
| 245 | 1 | 0 | |a Mastering business English - learner's dictionary |b English-Slovak & Slovak-English dictionary |c Helena Svobodová a kolektív |
| 264 | 1 | |a Bratislava |b Vydavateľstvo EKONÓM |c 1999 | |
| 300 | |a 195 s. | ||
| 610 | 2 | 0 | |a jazykoveda |
| 610 | 2 | 0 | |a terminológia |
| 610 | 2 | 0 | |a obchod |
| 100 | 1 | |a Svobodová, Helena | |
| 700 | 1 | |a Benko, Vladimír | |
| 700 | 1 | |a Bláhová, Mária | |
| 700 | 1 | |a Bocková, Viera | |
| 700 | 1 | |a Breveníková, Daniela | |
| 700 | 1 | |a Grossmanová, Marta | |
| 700 | 1 | |a Hrivíková, Tatiana, 1959- | |
| 700 | 1 | |a Kurdelová, Ľubica | |
| 700 | 1 | |a Laskovičová, Tatiana | |
| 700 | 1 | |a Vehnerová, Eva | |
| 700 | 1 | |a Viktoryová, Eva | |